Logo BPK

Biblioteka

Politechniki Koszalińskiej

Engineering solid mechanics : (Rekord nr 37203)

Szczegóły MARC
000 -ETYKIETA REKORDU
podpole kontrolne o stałej długości 00711nam a2200229 i 4500
001 - NUMER KONTROLNY REKORDU
pole kontrolne bg
020 ## - MIĘDZYNARODOWY ZNORMALIZOWANY NUMER KSIĄŻKI - ISBN
ISBN 0849316073
040 ## - ŹRÓDŁO KATALOGOWANIA
Instytucja, która utworzyła rekord BPK
041 0# - KOD JĘZYKA
Kod języka tekstu en
080 ## - UNIWERSALNA KLASYFIKACJA DZIESIĘTNA - UKD
UKD 539.3/.6:620.1
920 ## - Międzynarodowy znormalizowany numer książki – ISBN
ISBN 0-8493-1607-3
008 - POLE O STAŁEJ DŁUGOŚCI - DANE KONTROLNE
podpole kontrolne o stałej długości s pl f |000 0 pol
100 1# - NAZWA OSOBOWA
Nazwa osobowa RAGAB, Abdel-Rahman A. F.
245 10 - TYTUŁ/ODPOWIEDZIALNOŚĆ
Tytuł Engineering solid mechanics :
Ciąg dalszy tytułu fundamentals and applications /
Pozostałe elementy strefy tytułu i oznaczenia odpowiedzialności Abdel-Rahman Ragab, Salah Eldin Bayoumi.
260 ## - STREFA ADRESU WYDAWNICZEGO
Miejsce wydania Boca Raton [etc.] :
Nazwa wydawcy/dystrybutora CRC Press,
Data publikacji, dystrybucji/powstania dokumentu cop.1999.
300 ## - STREFA OPISU FIZYCZNEGO
Objętość [20], 921 s. :
Inne cechy fizyczne rys., wykr. ;
Rozmiary 26 cm.
504 ## - UWAGA DOTYCZĄCA BIBLIOGRAFII
Informacje o bibliografii Bibliogr. przy rozdz. - Indeks.
650 #9 - HASŁO PRZEDMIOTOWE W FORMIE NAZWY OGÓLNEJ LUB JEDNOSTKOWEJ
Nazwa ogólna lub geograficzna Naprężenia i odkształcenia
650 #9 - HASŁO PRZEDMIOTOWE W FORMIE NAZWY OGÓLNEJ LUB JEDNOSTKOWEJ
Nazwa ogólna lub geograficzna Mechanika stosowana
700 1# - HASŁO DODATKOWE - NAZWA OSOBOWA
Nazwa osobowa BAYOUMI, Salah E.A.
856 ## - LOKALIZACJA I DOSTĘP DO ELEKTRONICZNYCH DOKUMENTÓW ZDALNYCH
Link (URL) http://koha.tu.koszalin.pl/cgi-bin/koha/opac-detail.pl?biblionumber=37203
Tekst linku Katalog online BPK
942 ## - DODATKOWE ELEMENTY (KOHA)
Typ dokumentu Książka
Egzemplarze
Wycofany Status egzemplarza Uszkodzony Dostępność Lokalizacja stała Lokalizacja bieżąca Miejsce przechowywania Sygnatura Kod kreskowy Typ dokumentu
      Dostępny Biblioteka Politechniki Koszalińskiej Biblioteka Politechniki Koszalińskiej Wypożyczalnia BG 53001 01481471 Książka
© 2023 Biblioteka Politechniki Koszalińskiej :: KOHA